[Event "Titled Tuesday intern op 12th Mar Late"]
[Site "Chess.com INT"]
[Date "2024.03.12"]
[Round "6"]
[White "Aqib, Javaid Butt"]
[Black "Gruzman, Ilya"]
[Result "0-1"]
[WhiteElo "1855"]
[BlackElo "2124"]
[PlyCount "32"]
[EventDate "2024.03.12"]
[EventType "swiss (blitz)"]
[EventRounds "11"]
[EventCountry "USA"]
[SourceTitle "CB12_2024"]
[SourceDate "2023.10.01"]
[SourceVersion "1"]
[SourceVersionDate "2023.10.01"]
[SourceQuality "1"]

1. d4 Nf6 2. c4 g6 3. Nc3 Bg7 4. Nf3 d6 5. g3 0-0 6. Bg2 c5 7. 0-0 Nc6 8. d5 Na5 9. Nd2 a6 10. b3 Nxd5 11. Bxd5 Bxc3 12. Rb1 Bf5 13. e4 Bh3 14. Re1 e6 15. Qf3 Be5 16. g4 Qh4 0-1

[Event "Titled Tuesday intern op 06th Feb Early"]
[Site "Chess.com INT"]
[Date "2024.02.06"]
[Round "4"]
[White "Gruzman, Ilya"]
[Black "Onoprijchuk, Boris"]
[Result "0-1"]
[WhiteElo "2129"]
[BlackElo "2385"]
[PlyCount "70"]
[EventDate "2024.02.06"]
[EventType "swiss (blitz)"]
[EventRounds "11"]
[EventCountry "USA"]
[SourceTitle "CB07_2024"]
[SourceDate "2024.02.14"]
[SourceVersion "1"]
[SourceVersionDate "2024.02.14"]
[SourceQuality "1"]

1. e4 c6 2. d4 d5 3. exd5 cxd5 4. Bd3 Nc6 5. c3 g6 6. Nf3 Bg7 7. Bf4 Nh6 8. 0-0 f6 9. Re1 0-0 10. c4 Nf7 11. Nc3 Nb4 12. Nxd5 Nxd5 13. cxd5 Bg4 14. b3 a6 15. h3 Bd7 16. Rc1 Rc8 17. Rxc8 Bxc8 18. Qc2 Nd6 19. Nd2 Nf5 20. Qc3 b5 21. a3 Bb7 22. Bxf5 gxf5 23. Qg3 Bxd5 24. b4 Kh8 25. Bc7 Qd7 26. Bb6 e5 27. dxe5 fxe5 28. Bc5 f4 29. Qg5 Re8 30. Ne4 Re6 31. Nc3 Rg6 32. Qh4 Rxg2+ 33. Kf1 Rg6 34. Rd1 Bc4+ 35. Ke1 Rg1# 0-1

[Event "Titled Tuesday intern op 16th Jan Late"]
[Site "Chess.com INT"]
[Date "2024.01.16"]
[Round "2"]
[White "Korchmar, Vasiliy"]
[Black "Gruzman, Ilya"]
[Result "1-0"]
[WhiteElo "2438"]
[BlackElo "2151"]
[PlyCount "49"]
[EventDate "2024.01.16"]
[EventType "swiss (blitz)"]
[EventRounds "11"]
[EventCountry "USA"]
[SourceTitle "CB04_2024"]
[SourceDate "2023.10.16"]
[SourceVersion "1"]
[SourceVersionDate "2023.10.16"]
[SourceQuality "1"]

1. Nf3 Nf6 2. g3 d5 3. Bg2 e6 4. 0-0 Be7 5. d3 0-0 6. Nbd2 c5 7. e4 Nc6 8. Re1 b6 9. e5 Nd7 10. Nf1 Qc7 11. Bf4 Bb7 12. h4 c4 13. d4 b5 14. h5 Qb6 15. h6 g6 16. N1h2 Rae8 17. Ng4 f6 18. exf6 Bxf6 19. Nxf6+ Nxf6 20. Bd6 Rf7 21. Ng5 Rd7 22. Bc5 Qa5 23. Rxe6 Rxe6 24. Nxe6 Ne7 25. Qf3 1-0

[Event "Titled Tuesday intern op 19th Dec Early"]
[Site "Chess.com INT"]
[Date "2023.12.19"]
[Round "4"]
[White "Gruzman, Ilya"]
[Black "Ronka, Erik"]
[Result "1-0"]
[WhiteElo "2151"]
[BlackElo "2291"]
[PlyCount "45"]
[EventDate "2023.12.19"]
[EventType "swiss (blitz)"]
[EventRounds "11"]
[EventCountry "USA"]
[SourceTitle "CB52_2023"]
[SourceDate "2023.12.27"]
[SourceVersion "1"]
[SourceVersionDate "2023.12.27"]
[SourceQuality "1"]

1. d4 f5 2. g3 e6 3. Bg2 Nf6 4. c4 Be7 5. Nc3 0-0 6. Nf3 d6 7. 0-0 Ne4 8. Nd2 Nxc3 9. bxc3 e5 10. e4 f4 11. Nf3 Nc6 12. c5 Qe8 13. cxd6 cxd6 14. dxe5 dxe5 15. Qd5+ Kh8 16. Nxe5 Nxe5 17. Qxe5 f3 18. Bh1 Qf7 19. Bf4 Bh3 20. Rfd1 Rae8 21. Bxf3 Bf6 22. Qc5 Qg6 23. Bh5 1-0

[Event "Titled Tuesday intern op 19th Dec Early"]
[Site "Chess.com INT"]
[Date "2023.12.19"]
[Round "3"]
[White "Novoselov, Roman"]
[Black "Gruzman, Ilya"]
[Result "1-0"]
[WhiteElo "2279"]
[BlackElo "2151"]
[PlyCount "85"]
[EventDate "2023.12.19"]
[EventType "swiss (blitz)"]
[EventRounds "11"]
[EventCountry "USA"]
[SourceTitle "CB52_2023"]
[SourceDate "2023.12.27"]
[SourceVersion "1"]
[SourceVersionDate "2023.12.27"]
[SourceQuality "1"]

1. d4 Nf6 2. Bg5 d5 3. Bxf6 exf6 4. Nf3 c6 5. Nbd2 Bd6 6. e4 dxe4 7. Nxe4 Be6 8. Bd3 Be7 9. 0-0 Nd7 10. Re1 0-0 11. c4 Nb6 12. Qc2 g6 13. Rad1 f5 14. Nc5 Bxc5 15. dxc5 Nd7 16. b4 a5 17. a3 axb4 18. axb4 Qf6 19. Bf1 Ra3 20. Rd6 Qg7 21. Nd4 Nf6 22. Nxe6 fxe6 23. Rdxe6 Ne4 24. Bd3 Qd4 25. Bxe4 fxe4 26. R6xe4 Ra1 27. h3 Qf6 28. Rxa1 Qxa1+ 29. Kh2 Qf6 30. f3 Qf7 31. b5 Qc7+ 32. Kg1 Qg3 33. Qe2 cxb5 34. cxb5 Qc7 35. Rc4 Rd8 36. c6 Qb6+ 37. Kh2 Qxb5 38. Qe6+ Kg7 39. c7 Rf8 40. c8Q Rxc8 41. Rxc8 Kh6 42. Qe3+ g5 43. Rc5 1-0

[Event "Titled Tuesday intern op 19th Dec Early"]
[Site "Chess.com INT"]
[Date "2023.12.19"]
[Round "6"]
[White "Senft, Sean"]
[Black "Gruzman, Ilya"]
[Result "1-0"]
[WhiteElo "2107"]
[BlackElo "2151"]
[PlyCount "35"]
[EventDate "2023.12.19"]
[EventType "swiss (blitz)"]
[EventRounds "11"]
[EventCountry "USA"]
[SourceTitle "CB52_2023"]
[SourceDate "2023.12.27"]
[SourceVersion "1"]
[SourceVersionDate "2023.12.27"]
[SourceQuality "1"]

1. d4 g6 2. c4 Bg7 3. Nc3 c5 4. d5 Bxc3+ 5. bxc3 f5 6. e4 fxe4 7. f3 Nf6 8. fxe4 Nxe4 9. Bd3 Nf6 10. Nf3 d6 11. 0-0 0-0 12. Bh6 Re8 13. Qc2 Bg4 14. Bxg6 Bxf3 15. Rxf3 Kh8 16. Bxh7 Nxh7 17. Rf7 Nf6 18. Qg6 1-0

[Event "Titled Tuesday intern op 12th Dec Early"]
[Site "Chess.com INT"]
[Date "2023.12.12"]
[Round "1"]
[White "Gruzman, Ilya"]
[Black "Sahib, Singh"]
[Result "1-0"]
[WhiteElo "2151"]
[BlackElo "2338"]
[PlyCount "95"]
[EventDate "2023.12.12"]
[EventType "swiss (blitz)"]
[EventRounds "11"]
[EventCountry "USA"]
[SourceTitle "CB51_2023"]
[SourceDate "2023.12.20"]
[SourceVersion "1"]
[SourceVersionDate "2023.12.20"]
[SourceQuality "1"]

1. d4 d5 2. c4 e6 3. Nf3 c6 4. e3 Bd6 5. Nc3 f5 6. Bd3 Nf6 7. 0-0 0-0 8. Qb3 Kh8 9. Ne5 Bxe5 10. dxe5 Ng4 11. f4 d4 12. Nd1 Na6 13. h3 Nc5 14. Qc2 Nxe3 15. Nxe3 dxe3 16. Be2 Qd4 17. Rf3 Qe4 18. Qc3 Bd7 19. Bxe3 b6 20. b4 Na4 21. Qb3 c5 22. b5 g5 23. Bd3 Qb7 24. Qxa4 a6 25. Qc2 axb5 26. cxb5 Rfc8 27. Bc4 g4 28. hxg4 fxg4 29. Rg3 Rg8 30. Qc3 Raf8 31. Rf1 h5 32. Kf2 Qe4 33. Rh1 Rg5 34. Kg1 Rxf4 35. Bxf4 Qxf4 36. Qe3 Qf5 37. Bd3 Qxe5 38. Qxe5+ Rxe5 39. Kf2 Kg7 40. Re3 Rd5 41. a4 Kf6 42. Rb1 Rd4 43. a5 c4 44. axb6 cxd3 45. b7 d2 46. Rd1 Bxb5 47. b8Q Rf4+ 48. Kg3 1-0

[Event "Titled Tuesday intern op 19th Sep Late"]
[Site "Chess.com INT"]
[Date "2023.09.19"]
[Round "7"]
[White "Korol, Dimitry"]
[Black "Gruzman, Ilya"]
[Result "0-1"]
[WhiteElo "2287"]
[BlackElo "2151"]
[PlyCount "70"]
[EventDate "2023.09.19"]
[EventType "swiss (blitz)"]
[EventRounds "11"]
[EventCountry "USA"]
[SourceTitle "EXT 2024"]
[Source "ChessBase"]
[SourceDate "2023.10.10"]
[SourceVersion "1"]
[SourceVersionDate "2023.10.10"]
[SourceQuality "1"]

1. d4 d5 2. c4 c6 3. Nc3 Nf6 4. e3 e6 5. Nf3 Nbd7 6. Bd3 dxc4 7. Bxc4 b5 8. Be2 Bb7 9. e4 b4 10. e5 bxc3 11. exf6 Qxf6 12. bxc3 Bd6 13. Rb1 Nb6 14. a4 Qf5 15. Be3 Rb8 16. 0-0 0-0 17. c4 c5 18. a5 cxd4 19. Nxd4 Qxa5 20. Nb5 Be5 21. Qb3 a6 22. c5 axb5 23. cxb6 Bd5 24. Qxb5 Qa8 25. f3 Bc6 26. Qb3 Rb7 27. Rfc1 Ba4 28. Qd3 Rfb8 29. Qe4 Bf6 30. Bd3 g6 31. Bh6 Qa5 32. Qf4 Qc5+ 33. Rxc5 e5 34. Qe4 Bd7 35. Rc7 Bf5 0-1

[Event "Titled Tuesday intern op 12th Sep Late"]
[Site "Chess.com INT"]
[Date "2023.09.12"]
[Round "2"]
[White "Bayramov, Zaur"]
[Black "Gruzman, Ilya"]
[Result "0-1"]
[WhiteElo "2249"]
[BlackElo "2151"]
[PlyCount "116"]
[EventDate "2023.09.12"]
[EventType "swiss (blitz)"]
[EventRounds "11"]
[EventCountry "USA"]
[SourceTitle "EXT 2024"]
[Source "ChessBase"]
[SourceDate "2023.10.10"]
[SourceVersion "1"]
[SourceVersionDate "2023.10.10"]
[SourceQuality "1"]

1. e4 c5 2. Nf3 e6 3. c4 Nc6 4. Nc3 Nf6 5. a3 Be7 6. d4 cxd4 7. Nxd4 Qc7 8. Be2 a6 9. 0-0 0-0 10. Be3 d6 11. Rc1 Bd7 12. Qd2 Rfd8 13. f3 Bf8 14. Nd5 exd5 15. cxd5 Rdc8 16. dxc6 bxc6 17. b4 Qb7 18. g4 a5 19. bxa5 c5 20. Nf5 Bxf5 21. gxf5 d5 22. e5 d4 23. Bf2 Nd5 24. Bc4 Qd7 25. Rce1 Nc3 26. e6 Qa4 27. exf7+ Kh8 28. Be6 Rd8 29. Bh4 Rd6 30. f6 Qc6 31. fxg7+ Bxg7 32. Bg4 Rg6 33. Bg3 Nd5 34. Qd3 Ne3 35. Rxe3 dxe3 36. Qxe3 Bd4 37. Qxd4+ cxd4 38. Be5+ Rg7 39. Bxd4 Rf8 40. Re1 Qd5 41. Bf6 Qxf7 42. Ba1 h6 43. a6 Kh7 44. Bxg7 Qxg7 45. Kh1 Qa7 46. Rg1 Qxa6 47. Bh5 Rg8 48. Rxg8 Kxg8 49. Bg4 Kg7 50. Kg2 Qxa3 51. Kg3 Qb2 52. h4 Qe5+ 53. f4 Qe3+ 54. Bf3 h5 55. f5 Kf6 56. Kg2 Kxf5 57. Bxh5 Kf4 58. Bg4 Qg3+ 0-1

[Event "Titled Tuesday intern op 12th Sep Late"]
[Site "Chess.com INT"]
[Date "2023.09.12"]
[Round "3"]
[White "Beerdsen, Thomas"]
[Black "Gruzman, Ilya"]
[Result "1-0"]
[WhiteElo "2511"]
[BlackElo "2151"]
[PlyCount "111"]
[EventDate "2023.09.12"]
[EventType "swiss (blitz)"]
[EventRounds "11"]
[EventCountry "USA"]
[SourceTitle "EXT 2024"]
[Source "ChessBase"]
[SourceDate "2023.10.10"]
[SourceVersion "1"]
[SourceVersionDate "2023.10.10"]
[SourceQuality "1"]

1. e4 c5 2. Nf3 e6 3. d4 cxd4 4. Bg5 Qb6 5. Qxd4 Qxd4 6. Nxd4 a6 7. Nd2 Bc5 8. Be3 d6 9. Nc4 Ke7 10. e5 Nc6 11. Nxc6+ bxc6 12. Bxc5 dxc5 13. h3 f6 14. g4 Nh6 15. Bg2 Bd7 16. 0-0-0 Nf7 17. Rhe1 fxe5 18. Nxe5 Nxe5 19. Rxe5 Rhf8 20. Rd2 Rf4 21. Rxc5 Raf8 22. Bxc6 Bxc6 23. Rxc6 Rxf2 24. Rc7+ Ke8 25. Rxf2 Rxf2 26. Rxg7 Rf1+ 27. Kd2 Rf2+ 28. Kd1 Rf1+ 29. Ke2 Rb1 30. b3 Rb2 31. Kd3 Rxa2 32. Rxh7 Ra1 33. g5 Rg1 34. h4 Rg3+ 35. Kd4 Rg4+ 36. Ke5 a5 37. Kxe6 Kf8 38. Kf6 Kg8 39. Kg6 a4 40. Ra7 Kf8 41. Ra8+ Ke7 42. Rxa4 Rg1 43. h5 Kf8 44. h6 Rd1 45. Ra8+ Ke7 46. h7 Rd6+ 47. Kg7 Rd7 48. h8N Ke6+ 49. Kh6 Kf5 50. Rf8+ Kg4 51. Ng6 Rd1 52. Ne5+ Kg3 53. Rf3+ Kh2 54. Ng4+ Kg2 55. Ne3+ Kxf3 56. Nxd1 1-0

[Event "Titled Tuesday intern op 12th Sep Late"]
[Site "Chess.com INT"]
[Date "2023.09.12"]
[Round "10"]
[White "Kovalevsky, Stanislav"]
[Black "Gruzman, Ilya"]
[Result "1-0"]
[WhiteElo "2163"]
[BlackElo "2151"]
[PlyCount "25"]
[EventDate "2023.09.12"]
[EventType "swiss (blitz)"]
[EventRounds "11"]
[EventCountry "USA"]
[SourceTitle "EXT 2024"]
[Source "ChessBase"]
[SourceDate "2023.10.10"]
[SourceVersion "1"]
[SourceVersionDate "2023.10.10"]
[SourceQuality "1"]

1. e4 c5 2. c3 Nf6 3. e5 Nd5 4. d4 cxd4 5. Nf3 d6 6. Bc4 dxe5 7. Nxe5 e6 8. Qxd4 Qb6 9. Qe4 Bc5 10. 0-0 Nd7 11. Bxd5 Nf6 12. Qa4+ Nd7 13. Be4 1-0

[Event "Titled Tuesday intern op 12th Sep Late"]
[Site "Chess.com INT"]
[Date "2023.09.12"]
[Round "6"]
[White "Przybylski, Wojciech"]
[Black "Gruzman, Ilya"]
[Result "1-0"]
[WhiteElo "2308"]
[BlackElo "2151"]
[PlyCount "69"]
[EventDate "2023.09.12"]
[EventType "swiss (blitz)"]
[EventRounds "11"]
[EventCountry "USA"]
[SourceTitle "EXT 2024"]
[Source "ChessBase"]
[SourceDate "2023.10.10"]
[SourceVersion "1"]
[SourceVersionDate "2023.10.10"]
[SourceQuality "1"]

1. d4 d5 2. c4 c6 3. Nf3 Nf6 4. Nc3 e6 5. Bg5 Nbd7 6. e3 Qa5 7. Nd2 Bb4 8. Qc2 dxc4 9. Bxf6 Nxf6 10. Nxc4 Qc7 11. Bd3 c5 12. dxc5 Bxc5 13. 0-0 Bd7 14. Rac1 0-0 15. Ne4 Be7 16. Nxf6+ Bxf6 17. Bxh7+ Kh8 18. Be4 g6 19. Nd2 Qb6 20. b3 Bb5 21. Nc4 Qc5 22. Bxb7 Rab8 23. Be4 Kg7 24. Qd2 Rh8 25. h3 Qg5 26. f4 Qg3 27. Rf3 Qh4 28. Qf2 Rhd8 29. Qxh4 Bxh4 30. g3 Bf6 31. Rf2 Bxc4 32. Rxc4 Rd1+ 33. Kg2 a5 34. Bf3 Rb4 35. Bxd1 1-0

[Event "Titled Tuesday intern op 05th Sep Late"]
[Site "Chess.com INT"]
[Date "2023.09.05"]
[Round "3"]
[White "Gruzman, Ilya"]
[Black "Mitev, Valentin"]
[Result "0-1"]
[WhiteElo "2151"]
[BlackElo "2261"]
[PlyCount "142"]
[EventDate "2023.09.05"]
[EventType "swiss (blitz)"]
[EventRounds "11"]
[EventCountry "USA"]
[SourceTitle "EXT 2024"]
[Source "ChessBase"]
[SourceDate "2023.10.10"]
[SourceVersion "1"]
[SourceVersionDate "2023.10.10"]
[SourceQuality "1"]

1. e4 e5 2. Nf3 d5 3. Nxe5 Bd6 4. d4 dxe4 5. Bc4 Bxe5 6. Qh5 Qe7 7. Qxe5 Qxe5 8. dxe5 Nc6 9. Bf4 Nge7 10. Nc3 Ng6 11. Bg3 Ncxe5 12. Bb3 Bf5 13. 0-0-0 0-0 14. Rd5 Rfe8 15. h4 c6 16. Rd6 h5 17. Rhd1 Kf8 18. R1d4 Ng4 19. f3 exf3 20. gxf3 N4e5 21. Rb4 Re7 22. Ne4 Nxf3 23. Ng5 Nfe5 24. Rbd4 Rae8 25. Rd8 Rxd8 26. Rxd8+ Re8 27. Rxe8+ Kxe8 28. Kd2 Ke7 29. Ke3 f6 30. Ne4 b6 31. Nf2 Be6 32. Kd4 Bxb3 33. axb3 Nf3+ 34. Kc4 Nfxh4 35. Ne4 Nf5 36. Bh2 Ne5+ 37. Kc3 h4 38. b4 g5 39. Nf2 Nf3 40. Bb8 a6 41. Bc7 b5 42. Kd3 h3 43. Nxh3 g4 44. Nf2 g3 45. Nh3 g2 46. Ke4 g1Q 47. Nxg1 Nxg1 48. Kxf5 Nf3 49. Bg3 Nd4+ 50. Ke4 Nxc2 51. Bf2 Ke6 52. Bc5 Na1 53. Kf4 Nb3 54. Bf8 Kd5 55. Kf5 Kc4 56. Kxf6 Nd4 57. Ke5 Nc2 58. Kd6 Nxb4 59. Kc7 c5 60. Kb7 Nd3 61. Kxa6 Nxb2 62. Kb6 Nd3 63. Ka5 b4 64. Ka4 Kc3 65. Bg7+ Kc2 66. Kb5 b3 67. Kc4 b2 68. Bxb2 Kxb2 69. Kxd3 Kb3 70. Kd2 c4 71. Kc1 Kc3 0-1

[Event "Titled Tuesday intern op 05th Sep Late"]
[Site "Chess.com INT"]
[Date "2023.09.05"]
[Round "1"]
[White "Gruzman, Ilya"]
[Black "Zomorrodian, Eilia"]
[Result "0-1"]
[WhiteElo "2151"]
[BlackElo "2109"]
[PlyCount "42"]
[EventDate "2023.09.05"]
[EventType "swiss (blitz)"]
[EventRounds "11"]
[EventCountry "USA"]
[SourceTitle "EXT 2024"]
[Source "ChessBase"]
[SourceDate "2023.10.10"]
[SourceVersion "1"]
[SourceVersionDate "2023.10.10"]
[SourceQuality "1"]

1. c4 g6 2. Nc3 Bg7 3. e4 d6 4. d4 Nf6 5. Nf3 0-0 6. Be2 c5 7. 0-0 Bg4 8. Be3 cxd4 9. Nxd4 Bxe2 10. Qxe2 Nbd7 11. f4 Qa5 12. g4 e5 13. fxe5 Nxe5 14. g5 Nh5 15. Nd5 Rfe8 16. b4 Qa3 17. Nf5 gxf5 18. Qxh5 Nxc4 19. Bc1 Qd3 20. Rf2 Rxe4 21. Bf4 Qxd5 0-1

[Event "Titled Tuesday intern op 29th Aug Late"]
[Site "Chess.com INT"]
[Date "2023.08.29"]
[Round "9"]
[White "Brilej, Jaka"]
[Black "Gruzman, Ilya"]
[Result "1-0"]
[WhiteElo "2299"]
[BlackElo "2151"]
[PlyCount "151"]
[EventDate "2023.08.29"]
[EventType "swiss (blitz)"]
[EventRounds "11"]
[EventCountry "USA"]
[SourceTitle "EXT 2024"]
[Source "ChessBase"]
[SourceDate "2023.10.10"]
[SourceVersion "1"]
[SourceVersionDate "2023.10.10"]
[SourceQuality "1"]

1. d4 d5 2. Nf3 Nf6 3. e3 c6 4. Bd3 Bg4 5. 0-0 Nbd7 6. Nbd2 e6 7. b3 Bd6 8. Bb2 Bf5 9. Qe2 Ne4 10. c4 0-0 11. Rad1 Qf6 12. h3 g5 13. Nh2 Nxd2 14. Rxd2 Bxd3 15. Qxd3 Bxh2+ 16. Kxh2 Rfe8 17. f4 g4 18. hxg4 Qh4+ 19. Kg1 Qxg4 20. Rf3 Nf6 21. Rh3 Ne4 22. Rc2 f5 23. Ba3 Kh8 24. Qe2 Rg8 25. Qxg4 Rxg4 26. Kh2 Kg7 27. Bb4 Rg8 28. Be1 Kg6 29. Re2 h5 30. Rc2 Kh6 31. Bh4 Nd6 32. Bg5+ Kg6 33. Rg3 Rxg3 34. Kxg3 Ne4+ 35. Kh4 Rd8 36. c5 Re8 37. b4 Rb8 38. Rb2 b6 39. Be7 bxc5 40. dxc5 Re8 41. Bg5 Rb8 42. a4 Nxc5 43. Rc2 Nxa4 44. Rxc6 Rxb4 45. Rxe6+ Kf7 46. Rf6+ Kg7 47. Rxf5 Rb1 48. Rxd5 Rh1+ 49. Kg3 Nc3 50. Rd7+ Kg6 51. Rd6+ Kf5 52. Rf6+ Ke4 53. Re6+ Kd5 54. Re5+ Kd6 55. Be7+ Kd7 56. f5 Ne2+ 57. Kf2 Nc3 58. f6 Nd1+ 59. Kg3 Rf1 60. e4 Ne3 61. Kh4 Nxg2+ 62. Kxh5 Nf4+ 63. Kh6 Rh1+ 64. Kg7 Ne6+ 65. Kf7 Rh7+ 66. Kg6 Rh1 67. Rd5+ Ke8 68. Bb4 Nf4+ 69. Kg7 Nxd5 70. f7+ Kd7 71. f8Q Rg1+ 72. Kh6 Rh1+ 73. Kg5 Rg1+ 74. Kh4 Nf4 75. Qxf4 Rh1+ 76. Kg3 1-0

[Event "Titled Tuesday intern op 29th Aug Late"]
[Site "Chess.com INT"]
[Date "2023.08.29"]
[Round "4"]
[White "Gruzman, Ilya"]
[Black "Chigaev, Maksim"]
[Result "0-1"]
[WhiteElo "2151"]
[BlackElo "2616"]
[PlyCount "68"]
[EventDate "2023.08.29"]
[EventType "swiss (blitz)"]
[EventRounds "11"]
[EventCountry "USA"]
[SourceTitle "EXT 2024"]
[Source "ChessBase"]
[SourceDate "2023.10.10"]
[SourceVersion "1"]
[SourceVersionDate "2023.10.10"]
[SourceQuality "1"]

1. d4 Nf6 2. c4 g6 3. Nc3 Bg7 4. e4 d6 5. Nf3 0-0 6. Be2 e5 7. Be3 Na6 8. 0-0 Qe7 9. dxe5 dxe5 10. Nd2 c6 11. a3 Nc5 12. b4 Ne6 13. Nb3 Rd8 14. Qc1 Nd4 15. Nd2 a5 16. b5 Ng4 17. Bxg4 Bxg4 18. bxc6 bxc6 19. f3 Be6 20. Rf2 a4 21. Rb1 h5 22. Rb4 Bf8 23. Rxa4 Rxa4 24. Nxa4 Qxa3 25. Qxa3 Bxa3 26. Rf1 Nc2 27. Bg5 f6 28. Bxf6 Rxd2 29. Bxe5 Ne3 30. Re1 Rxg2+ 31. Kh1 Nc2 32. Rd1 Rf2 33. Rd8+ Kf7 34. Rh8 Bh3 0-1

[Event "Titled Tuesday intern op 29th Aug Late"]
[Site "Chess.com INT"]
[Date "2023.08.29"]
[Round "8"]
[White "Gruzman, Ilya"]
[Black "Morris Suzuki, Alan H"]
[Result "0-1"]
[WhiteElo "2151"]
[BlackElo "1652"]
[PlyCount "118"]
[EventDate "2023.08.29"]
[EventType "swiss (blitz)"]
[EventRounds "11"]
[EventCountry "USA"]
[SourceTitle "EXT 2024"]
[Source "ChessBase"]
[SourceDate "2023.10.10"]
[SourceVersion "1"]
[SourceVersionDate "2023.10.10"]
[SourceQuality "1"]

1. c4 Nf6 2. Nc3 g6 3. e4 d6 4. d4 Bg7 5. Nf3 0-0 6. Be2 e5 7. Be3 exd4 8. Nxd4 Re8 9. f3 c6 10. Bf2 d5 11. exd5 cxd5 12. c5 Nh5 13. g3 Bh3 14. Qd2 Nc6 15. g4 Nxd4 16. Bxd4 Bxd4 17. Qxd4 Qh4+ 18. Qf2 Qxf2+ 19. Kxf2 Nf4 20. Bb5 Re6 21. Rhd1 a6 22. Kg3 g5 23. Bd3 Re3 24. Bf5 h5 25. Re1 d4 26. Rxe3 dxe3 27. gxh5 Bxf5 28. Re1 Re8 29. b4 Nd3 30. Re2 Nf4 31. Re1 Nxh5+ 32. Kg2 Nf4+ 33. Kg3 Nd3 34. Re2 Nxb4 35. a3 Nd3 36. Nd5 Nf4 37. Nf6+ Kf8 38. Re1 Re6 39. Nd7+ Ke7 40. Nb6 e2 41. h4 Nd3 42. Nd5+ Kd8 43. Rb1 e1Q+ 44. Rxe1 gxh4+ 45. Kxh4 Rxe1 46. Kg5 Be6 47. Kf6 Bxd5 48. f4 Nxf4 49. Kg5 Ne6+ 50. Kf6 Rf1+ 51. Ke5 f5 52. Kd6 f4 53. Ke5 f3 54. Kd6 f2 55. Ke5 Re1+ 56. Kd6 f1Q 57. c6 Qf4+ 58. Kxd5 Rd1+ 59. Kxe6 Rd6# 0-1

[Event "Titled Tuesday intern op 01st Aug Early"]
[Site "Chess.com INT"]
[Date "2023.08.01"]
[Round "2"]
[White "Bouget, Alexandre"]
[Black "Gruzman, Ilya"]
[Result "1/2-1/2"]
[WhiteElo "2229"]
[BlackElo "2151"]
[PlyCount "124"]
[EventDate "2023.08.01"]
[EventType "swiss (blitz)"]
[EventRounds "11"]
[EventCountry "USA"]
[SourceTitle "EXT 2024"]
[Source "ChessBase"]
[SourceDate "2023.10.10"]
[SourceVersion "1"]
[SourceVersionDate "2023.10.10"]
[SourceQuality "1"]

1. d4 d5 2. c4 e6 3. Nc3 Nf6 4. Nf3 Be7 5. Bf4 0-0 6. e3 Nbd7 7. h3 b6 8. cxd5 exd5 9. Bd3 Bb7 10. 0-0 c5 11. Ne5 Rc8 12. Bf5 cxd4 13. exd4 Ra8 14. Qd3 g6 15. Nxd7 Nxd7 16. Bh6 Re8 17. Qg3 Bf6 18. Rad1 Bg7 19. Bxg7 Kxg7 20. Nb5 Ba6 21. Nc7 Bxf1 22. Nxa8 Qxa8 23. Bxd7 Re7 24. Rxf1 Rxd7 25. Qe5+ Kg8 26. Re1 Qd8 27. h4 Rc7 28. h5 Rc6 29. h6 f6 30. Qe8+ Qxe8 31. Rxe8+ Kf7 32. Rh8 g5 33. Rxh7+ Kg6 34. Rxa7 Rc1+ 35. Kh2 Kxh6 36. Rb7 Rc6 37. a4 Kg6 38. b4 Kf5 39. b5 Rc4 40. Rxb6 Rxa4 41. Rb8 Rxd4 42. b6 Rb4 43. Kg3 Rb3+ 44. f3 d4 45. b7 d3 46. Rd8 Rxb7 47. Rxd3 Rb4 48. Rd5+ Kg6 49. Ra5 Kh5 50. Kh3 Kg6 51. Ra6 Rc4 52. Re6 Rb4 53. Re4 Rxe4 54. fxe4 f5 55. exf5+ Kxf5 56. Kg3 g4 57. Kh2 Kf4 58. Kg1 Kg3 59. Kf1 Kf4 60. Kg1 Ke3 61. Kh2 Kf2 62. Kh1 g3 1/2-1/2

[Event "Titled Tuesday intern op 01st Aug Late"]
[Site "Chess.com INT"]
[Date "2023.08.01"]
[Round "3"]
[White "Gruzman, Ilya"]
[Black "Bettalli, Francesco"]
[Result "0-1"]
[WhiteElo "2151"]
[BlackElo "2274"]
[PlyCount "32"]
[EventDate "2023.08.01"]
[EventType "swiss (blitz)"]
[EventRounds "11"]
[EventCountry "USA"]
[SourceTitle "EXT 2024"]
[Source "ChessBase"]
[SourceDate "2023.10.10"]
[SourceVersion "1"]
[SourceVersionDate "2023.10.10"]
[SourceQuality "1"]

1. e4 e5 2. Nf3 Nf6 3. Nc3 Bc5 4. Bc4 d6 5. d3 h6 6. Na4 Bb4+ 7. c3 Ba5 8. b4 Bb6 9. Nxb6 axb6 10. h3 c6 11. Be3 0-0 12. g4 d5 13. exd5 Nxd5 14. g5 h5 15. Nxe5 Nxe3 16. f3 Nxd1 0-1